[Event "Novokuznetsk Kustov op"]
[Site "Novokuznetsk"]
[Date "2014.10.05"]
[Round "3"]
[White "Zotkina, Lyudmila"]
[Black "Gumbarg, Vladislav"]
[Result "0-1"]
[WhiteElo "1521"]
[BlackElo "1821"]
[PlyCount "82"]
[EventDate "2014.09.28"]
[EventType "swiss"]
[EventRounds "9"]
[EventCountry "RUS"]
[SourceTitle "EXT 2018"]
[Source "ChessBase"]
[SourceDate "2017.10.13"]
[SourceVersion "1"]
[SourceVersionDate "2017.10.13"]
[SourceQuality "1"]

1. e4 c5 2. c4 d6 3. h3 Nf6 4. Nc3 e6 5. Nge2 b6 6. Ng3 Bb7 7. Be2 Nbd7 8. Bf3 Be7 9. 0-0 0-0 10. d3 a6 11. a3 Qc7 12. Be3 Rfd8 13. Bg5 Ne5 14. Be2 h6 15. Bxf6 Bxf6 16. Nh5 Be7 17. Bg4 Nd7 18. Ne2 Nf6 19. Bf3 Nxh5 20. Bxh5 Bf6 21. Rb1 d5 22. Bf3 dxe4 23. Bg4 exd3 24. Ng3 Bd4 25. Bf3 Bxf3 26. Qxf3 Qe5 27. Qxd3 Bxf2+ 28. Rxf2 Rxd3 29. Nh1 Rad8 30. Rff1 Rd2 31. Nf2 Qd4 32. Rbe1 Rxb2 33. Rd1 Rxf2 34. Rxd4 Rxf1+ 35. Kxf1 cxd4 36. Ke2 Rc8 37. Kd3 e5 38. g4 g5 39. Ke4 Rxc4 40. Kxe5 d3 41. Kd5 Ra4 0-1